[Event "Coupe de France"]
[Site "?"]
[Date "2016.06.26"]
[Round "?"]
[White "Salgado Lopez, Ivan"]
[Black "Kovalenko, Igor"]
[WhiteElo "2630"]
[BlackElo "2668"]
[Result "1-0"]

1. e4 e5 2. Nf3 Nc6 3. Bb5 a6 4. Ba4 Nf6 5. O-O Be7 6. Re1 b5 7. Bb3 d6 8. a4 Bg4 9. c3 O-O 10. d3 Na5 11. Bc2 c5 12. Nbd2 Qb8 13. h3 Bd7 14. Nf1 b4 15. Ne3 b3 16. Bb1 Bd8 17. Nd2 Ra7 18. Ndc4 Be6 19. Ra3 Rb7 20. Qf3 Ne8 21. Qg3 Kh8 22. Rf1 Nc6 23. Ra1 Ne7 24. Rd1 Ng6 25. Qf3 Nf6 26. Bd2 Rd7 27. a5 Qb7 28. Nb6 Bxb6 29. axb6 Qxb6 30. Nc4 Qb5 31. Na5 d5 32. exd5 Bxd5 33. Qe2 Qb8 34. c4 Bxg2 35. Kxg2 Nh4+ 36. Kf1 Qa8 37. f3 Nh5 38. Kf2 Rd4 39. Nxb3 Re8 40. Rg1 Qb8 41. Bc2 e4 42. fxe4 Qh2+ 43. Kf1 Qxh3+ 44. Kf2 Qh2+ 45. Kf1 Ng3+ 46. Rxg3 Qxg3 47. Nxd4 cxd4 48. Rxa6 f5 49. Qf2 Qh3+ 50. Ke2 Qg4+ 51. Kf1 fxe4 52. dxe4 Nf3 53. Bb4 Ne5 54. Qf5 Qg3 55. Bd6 Qe3 56. Bxe5 Kg8 57. Ra7 Qc1+ 58. Kg2 Qxc2+ 59. Kh3 Qd3+ 60. Kh4 

1-0

[Event "Magistral Barcelona"]
[Site "?"]
[Date "2010.11.08"]
[Round "?"]
[White "Salgado Lopez, Ivan"]
[Black "Edouard, Romain"]
[WhiteElo "2602"]
[BlackElo "2636"]
[Result "1-0"]

1. e4 c5 2. Nf3 d6 3. d4 cxd4 4. Nxd4 Nf6 5. Nc3 Nc6 6. Bg5 e6 7. Qd2 a6 8. O-O-O Nxd4 9. Qxd4 Be7 10. f3 O-O 11. h4 b5 12. Kb1 Bb7 13. Qd2 Qc7 14. Bd3 Rac8 15. Ne2 d5 16. e5 Ne4 17. Qe1 Bc5 18. Rf1 Bb6 19. Rc1 Ba5 20. c3 Nc5 21. Bc2 Na4 22. Qg3 f5 23. Nf4 Qf7 24. h5 Bc7 25. Bxa4 bxa4 26. Bf6 h6 27. c4 Kh7 28. cxd5 gxf6 29. dxe6 Qg7 30. Qg6+ Qxg6 31. Nxg6 Kg7 

1-0

[Event "9th Gyorgy Marx Memorial"]
[Site "?"]
[Date "2011.06.27"]
[Round "?"]
[White "Salgado Lopez, Ivan"]
[Black "Acs, Peter"]
[WhiteElo "2623"]
[BlackElo "2606"]
[Result "1-0"]

1. e4 c5 2. Nf3 d6 3. d4 cxd4 4. Nxd4 Nf6 5. Nc3 Nc6 6. Bg5 e6 7. Qd2 a6 8. O-O-O Be7 9. f4 Bd7 10. Nf3 b5 11. e5 b4 12. exf6 bxc3 13. Qxc3 gxf6 14. Bh4 d5 15. Kb1 Rc8 16. Qd2 Qc7 17. g4 a5 18. g5 f5 19. Bb5 Nb4 20. Bxd7+ Qxd7 21. c3 Na6 22. c4 O-O 23. Ne5 Qb7 24. Qg2 Bd6 25. g6 fxg6 26. Nxg6 Qg7 27. Qe2 hxg6 28. Qxe6+ Kh7 29. Qxd6 Nc5 30. cxd5 Rfe8 31. Qf6 Re2 32. Rhe1 Qxf6 33. Bxf6 Rxe1 34. Rxe1 Ne4 35. Rxe4 fxe4 36. d6 e3 37. d7 e2 38. dxc8=Q e1=Q+ 39. Qc1 Qe4+ 40. Ka1 

1-0

[Event "French Top 12"]
[Site "?"]
[Date "2013.06.03"]
[Round "?"]
[White "Salgado Lopez, Ivan"]
[Black "Pelletier, Yannick"]
[WhiteElo "2598"]
[BlackElo "2599"]
[Result "1-0"]

1. c4 Nf6 2. g3 e6 3. Bg2 d5 4. Nf3 dxc4 5. O-O a6 6. Qc2 c5 7. Ne5 Ra7 8. Rd1 Nbd7 9. d4 Nxe5 10. dxe5 Nd7 11. Nd2 b5 12. a4 Qc7 13. Ne4 Nxe5 14. Bf4 b4 15. Nd2 Bd6 16. Nxc4 Nxc4 17. Qxc4 Bxf4 18. gxf4 O-O 19. Rac1 Bd7 20. b3 e5 21. fxe5 Qxe5 22. Qxc5 Qxc5 23. Rxc5 Be6 24. Rd3 g6 25. a5 Rb8 26. Bd5 Bxd5 27. Rdxd5 Kf8 28. Rc6 Ke7 29. e3 Rb5 30. Rxb5 axb5 31. a6 Kd7 32. Rb6 Kc7 33. Rf6 Kb8 34. Kg2 Rc7 35. Rb6+ Ka7 36. Rxb5 Kxa6 37. Rxb4 Rc5 38. h4 h6 39. Kg3 h5 40. Kf3 Ka5 41. Rb7 Rf5+ 42. Kg3 f6 43. e4 Re5 44. Kf4 g5+ 45. hxg5 Rxg5 46. f3 Rg1 47. Rh7 

1-0

[Event "Turkish Championship Super League"]
[Site "?"]
[Date "2016.07.27"]
[Round "?"]
[White "Salgado Lopez, Ivan"]
[Black "Antipov, Mikhail Al"]
[WhiteElo "2651"]
[BlackElo "2584"]
[Result "1-0"]

1. e4 c5 2. Nf3 e6 3. d4 cxd4 4. Nxd4 Nc6 5. Nb5 d6 6. c4 Nf6 7. N1c3 a6 8. Na3 Be7 9. Be2 e5 10. Be3 Be6 11. O-O O-O 12. Rc1 Rc8 13. Re1 Nd7 14. Qd2 h6 15. Nc2 Re8 16. Red1 Bf8 17. Nd5 Nc5 18. f3 Ne7 19. Nc3 Nd7 20. b3 Nc6 21. Bf1 Qc7 22. b4 Qb8 23. Rb1 Qa8 24. Nd5 Ne7 25. a4 Bxd5 26. cxd5 Rc7 27. Na3 Rec8 28. Rbc1 Rxc1 29. Rxc1 Rxc1 30. Qxc1 a5 31. bxa5 Qxa5 32. Bb5 Qd8 33. Nc4 Nc8 34. Qd2 Be7 35. Qa5 Nb8 36. Kf1 Kf8 37. Ke2 Qxa5 38. Nxa5 b6 39. Nc6 Nxc6 40. Bxc6 Bg5 41. Bf2 Ke7 42. Kd3 Kd8 43. Kc4 Kc7 44. Be8 f6 45. Kb5 Bc1 46. Ka6 Ba3 47. Bf7 Bc5 48. Be1 Bd4 49. h4 Bc5 50. Be6 Bd4 51. g3 Be3 52. h5 Bd4 53. f4 exf4 54. gxf4 Ne7 55. a5 g6 56. axb6+ Bxb6 57. Bc3 gxh5 58. Bxf6 Ng6 59. f5 Nf4 60. Be7 Bd4 61. f6 Ng6 62. Bf7 Ne5 63. Bxh5 Nd7 64. f7 Bg7 65. e5 dxe5 66. d6+ Kc6 67. Bf3+ Kc5 68. Kb7 Kd4 69. Kc7 Nc5 70. d7 Nxd7 71. Kxd7 

1-0

[Event "31st Open"]
[Site "?"]
[Date "2006.01.09"]
[Round "?"]
[White "Salgado Lopez, Ivan"]
[Black "Spraggett, Kevin"]
[WhiteElo "2366"]
[BlackElo "2581"]
[Result "1-0"]

1. e4 c5 2. Nf3 e6 3. d4 cxd4 4. Nxd4 Nf6 5. Nc3 d6 6. Be3 a6 7. Qd2 Nc6 8. f3 Be7 9. O-O-O O-O 10. g4 Nd7 11. Kb1 Nde5 12. Qg2 b5 13. Nxc6 Nxc6 14. g5 Qa5 15. h4 b4 16. Ne2 Bb7 17. h5 f5 18. Nf4 b3 19. cxb3 fxe4 20. Bc4 Rxf4 21. Bxe6+ Kh8 22. h6 Qxg5 23. hxg7+ Kxg7 24. Qc2 Qf6 25. Rdg1+ Kh8 26. Bxf4 

1-0

[Event "4th ch-IberoAmerican GpD"]
[Site "?"]
[Date "2012.04.14"]
[Round "?"]
[White "Salgado Lopez, Ivan"]
[Black "Morovic Fernandez, Ivan"]
[WhiteElo "2621"]
[BlackElo "2577"]
[Result "1-0"]

1. e4 c5 2. Nf3 d6 3. d4 cxd4 4. Nxd4 Nf6 5. Nc3 Nc6 6. Bg5 e6 7. Qd2 a6 8. O-O-O Be7 9. Bxf6 gxf6 10. f4 Nxd4 11. Qxd4 b5 12. Qe3 Qc7 13. f5 Qc5 14. Qf3 Bb7 15. fxe6 fxe6 16. Bd3 Qe5 17. Qh3 Rc8 18. Ne2 O-O 19. Rhf1 Rc7 20. Kb1 Bc8 21. Rf3 Bd8 22. Rdf1 Rg7 23. Nf4 Bd7 24. Nh5 Rg5 25. g4 Be7 26. Qg2 Kh8 27. h4 Rgg8 28. Qh3 Bc6 29. Rf4 Be8 30. Ng3 Bc6 31. Qh2 a5 32. Qf2 Qc5 33. Qd2 e5 34. R4f2 Rxg4 35. Nf5 Bd8 36. Be2 Rgg8 37. Bd3 Rg4 38. Nh6 Rg7 39. Rg2 d5 40. Rxg7 Kxg7 41. Qg2+ Kxh6 42. Rg1 Qxg1+ 43. Qxg1 dxe4 44. Be2 Be7 45. Qa7 Rf7 46. Qe3+ Kg7 47. Bh5 Bf8 48. Qg3+ 

1-0

[Event "Spanish Championship Rapid"]
[Site "?"]
[Date "2015.08.22"]
[Round "?"]
[White "Salgado Lopez, Ivan"]
[Black "Korneev, Oleg"]
[WhiteElo "2615"]
[BlackElo "2569"]
[Result "1-0"]

1. e4 e5 2. Nf3 Nc6 3. Bb5 Nf6 4. d3 Bc5 5. Bxc6 dxc6 6. O-O Bg4 7. h3 Bxf3 8. Qxf3 Nd7 9. Nd2 Bd6 10. Nc4 Qe7 11. Qg3 f6 12. Kh1 O-O-O 13. a3 Nc5 14. f4 exf4 15. Nxd6+ cxd6 16. Bxf4 Kb8 17. Qf2 Nd7 18. a4 Ne5 19. b4 Rc8 20. Bh2 Ka8 21. a5 c5 22. Bg1 Nc6 23. bxc5 dxc5 24. Qxc5 Qxc5 25. Bxc5 Nb8 26. d4 Rhe8 27. Rae1 Nd7 28. Bd6 Rxc2 29. e5 fxe5 30. dxe5 a6 31. Rf7 Nc5 32. Rxg7 Nd3 33. Re3 Nf4 34. Rf3 Ne6 35. Re7 Rxe7 36. Bxe7 b5 37. axb6 Kb7 38. Rf6 Rc6 39. Bd6 Nd4 40. Bc7 Rc1+ 41. Kh2 a5 42. Rf7 a4 43. e6 Rc2 44. Be5+ 

1-0

[Event "Spanish Championship Rapid"]
[Site "?"]
[Date "2015.08.22"]
[Round "?"]
[White "Salgado Lopez, Ivan"]
[Black "Arribas Lopez, Angel"]
[WhiteElo "2615"]
[BlackElo "2559"]
[Result "1-0"]

1. e4 e6 2. d4 d5 3. Nd2 Nf6 4. e5 Nfd7 5. Bd3 c5 6. c3 Nc6 7. Ne2 cxd4 8. cxd4 f6 9. exf6 Nxf6 10. Nf3 Qc7 11. O-O Bd6 12. Bd2 O-O 13. Ng3 Qb6 14. Bc3 Bd7 15. a3 a5 16. Qd2 a4 17. Rae1 Na5 18. Ng5 Rfe8 19. Qc2 h6 20. Nh7 Nxh7 21. Bxh7+ Kh8 22. Bd3 Nb3 23. Qd1 Bb5 24. Bxb5 Qxb5 25. Qg4 Qd7 26. Re3 Ra6 27. Rfe1 Bb8 28. Nf5 Kh7 29. Nh4 g5 30. Nf3 Bf4 31. R3e2 Qf7 32. Ne5 Qf5 33. Qh5 Rg8 34. Ng4 Qg6 35. Qxg6+ Kxg6 36. Rxe6+ Rxe6 37. Rxe6+ Kf5 38. Rf6+ Ke4 39. g3 Bd2 40. Rb6 Bxc3 41. Nf6+ Kd3 42. Nxg8 Bxb2 43. Rxb7 Kxd4 44. Nxh6 Bxa3 45. Nf5+ Kc3 46. h4 gxh4 47. gxh4 Bc5 48. Rb8 a3 49. Ra8 Kb2 50. h5 a2 51. h6 Ba3 52. h7 a1=Q+ 53. Kg2 Kc2 54. h8=Q Qxh8 55. Rxh8 d4 56. Rc8+ Kd2 57. f4 Kd3 58. Ng3 Ke3 59. f5 Bb2 60. f6 d3 61. Nf1+ Ke2 62. f7 Bg7 63. Re8+ Kd1 64. f8=Q Bxf8 65. Rxf8 d2 66. Kf2 Kc2 67. Rc8+ Kd3 68. Ne3 Nc1 69. Nd1 Na2 70. Nb2+ 

1-0

[Event "13th EICC"]
[Site "?"]
[Date "2012.03.29"]
[Round "?"]
[White "Salgado Lopez, Ivan"]
[Black "Fedoseev, Vladimir"]
[WhiteElo "2621"]
[BlackElo "2548"]
[Result "1-0"]

1. d4 Nf6 2. c4 g6 3. Nc3 Bg7 4. e4 d6 5. h3 O-O 6. Be3 c5 7. d5 b5 8. cxb5 a6 9. a4 Qa5 10. Bd2 axb5 11. Bxb5 Ba6 12. Ra3 Nbd7 13. Nf3 Bxb5 14. Nxb5 Qb6 15. Qc2 Rfc8 16. O-O c4 17. Rc3 Qa6 18. Ra1 Nb6 19. Nfd4 Nfd7 20. Nc6 Bf6 21. Rf3 Ne5 22. Nxe5 Bxe5 23. Rfa3 Nd7 24. Bc3 Qb6 25. Rd1 Bxc3 26. Rxc3 Ne5 27. b4 Qa6 28. Ra1 Qb6 29. Ra2 e6 30. Kh2 exd5 31. exd5 Re8 32. Qd2 Rab8 33. f4 Nd7 34. Rxc4 Nf6 35. Rc6 Qd8 36. Nxd6 Re7 37. Rac2 Rd7 38. Rc8 Rxd6 39. Rxd8+ Rbxd8 40. Qc1 

1-0

[Event "French Top 12"]
[Site "?"]
[Date "2013.06.05"]
[Round "?"]
[White "Salgado Lopez, Ivan"]
[Black "Maze, Sebastien"]
[WhiteElo "2598"]
[BlackElo "2543"]
[Result "1-0"]

1. e4 e5 2. Nf3 Nc6 3. Bb5 Nf6 4. d3 Bc5 5. Bxc6 dxc6 6. O-O Bg4 7. h3 Bxf3 8. Qxf3 Nd7 9. Nd2 Qe7 10. Nc4 O-O-O 11. Bd2 f6 12. a3 Nf8 13. b4 Bd6 14. c3 Ne6 15. Be3 Kb8 16. d4 Ng5 17. Bxg5 fxg5 18. Qg3 Rde8 19. Rfe1 Rhf8 20. Rad1 Rf4 21. Qd3 b6 22. d5 cxd5 23. Qxd5 Rf6 24. a4 Qe6 25. Re2 h5 26. Qb5 Qc8 27. Red2 c6 28. Nxd6 Rxd6 29. Qe2 Rxd2 30. Qxd2 g4 31. hxg4 hxg4 32. Qd7 g3 33. fxg3 g5 34. Kf2 Rf8+ 35. Ke2 Qc7 36. Qxc7+ Kxc7 37. Rh1 a5 38. Rh7+ Kd6 39. Rh6+ Kd7 40. bxa5 bxa5 41. Rg6 Rb8 42. Rxg5 Rb2+ 43. Kf3 Ra2 44. Rxe5 Rxa4 45. g4 Kd6 46. Rf5 Ra3 47. Kf4 Ra2 48. g5 a4 49. Kg3 Rb2 50. g6 

1-0

[Event "78th Spanish Championship"]
[Site "?"]
[Date "2013.09.05"]
[Round "?"]
[White "Illescas Cordoba, Miguel"]
[Black "Salgado Lopez, Ivan"]
[WhiteElo "2608"]
[BlackElo "2614"]
[Result "0-1"]

1. Nf3 c5 2. c4 Nf6 3. g3 Nc6 4. Bg2 d5 5. cxd5 Nxd5 6. Nc3 g6 7. h4 h6 8. d3 Bg7 9. Bd2 Be6 10. Qc1 Rc8 11. O-O b6 12. Re1 Nf6 13. Bf4 Ng4 14. Nd1 Nb4 15. a3 Nc6 16. Ne3 Nxe3 17. Bxe3 Na5 18. Nd2 c4 19. dxc4 Nxc4 20. Nxc4 Rxc4 21. Qb1 O-O 22. Rc1 Qc8 23. a4 Qa6 24. Rxc4 Qxc4 25. a5 Qxe2 26. axb6 axb6 27. Bxb6 Rb8 28. Be3 Bf5 29. Qd1 Qxd1+ 30. Rxd1 Rxb2 31. Bd4 Bxd4 32. Rxd4 Kg7 33. Ra4 g5 34. hxg5 hxg5 35. Ra5 Kf6 36. Ra6+ e6 37. Ra7 Rb1+ 38. Kh2 g4 39. Ra4 Re1 40. Rb4 Kg5 41. Rb5 e5 42. Rb3 f6 43. Ra3 Bg6 44. Rc3 Rd1 45. Rc5 Re1 46. Rc3 Bb1 47. Ra3 Bc2 48. Rc3 Re2 49. Kg1 Rd2 50. Rc5 Bb1 51. Rb5 Rd1+ 52. Kh2 Rc1 53. Ra5 Bd3 54. Ra3 e4 55. Ra5+ f5 56. Ra2 Re1 57. Ra3 Rb1 58. Ra2 Rc1 59. Ra5 Kf6 60. Ra3 Be2 61. Ra2 Bf3 62. Ra6+ Kg5 63. Ra3 Rb1 64. Ra2 Kf6 65. Ra6+ Ke5 66. Ra5+ Kd4 67. Ra3 Kc4 68. Re3 Kd4 69. Ra3 Rc1 70. Rb3 Ra1 71. Re3 Ra2 72. Kg1 f4 73. gxf4 g3 74. Rxf3 exf3 75. Bxf3 gxf2+ 

0-1

[Event "Spanish Championship Rapid"]
[Site "?"]
[Date "2015.08.22"]
[Round "?"]
[White "Ljubojevic, Ljubomir"]
[Black "Salgado Lopez, Ivan"]
[WhiteElo "2571"]
[BlackElo "2615"]
[Result "0-1"]

1. d4 Nf6 2. c4 e6 3. Nc3 Bb4 4. Qc2 O-O 5. a3 Bxc3+ 6. Qxc3 b6 7. Bg5 Bb7 8. e3 d6 9. f3 Nbd7 10. Bd3 Rc8 11. Ne2 c5 12. Qd2 cxd4 13. exd4 d5 14. cxd5 Bxd5 15. O-O Bc4 16. Rac1 Bxd3 17. Qxd3 h6 18. Bh4 Rxc1 19. Rxc1 Qa8 20. Qa6 Qd5 21. a4 Re8 22. Qb5 Qb7 23. Qc6 Qa6 24. Kf2 Qd3 25. Qb5 Qxb5 26. axb5 g5 27. Bg3 Nd5 28. Ra1 Ra8 29. Nc3 N7f6 30. Be5 Kf8 31. h4 Ke7 32. hxg5 hxg5 33. Bxf6+ Nxf6 34. Ne4 Nd5 35. Rc1 Rg8 36. Rc6 

0-1